00339nam a22000977a 4500008004100000082002000041100000800061245007200069260009200141300000800233230703b xxu||||| |||| 00| 0 eng d a338.967829bEAC cEAC aInvestment and development opportunities in the lake Victoria Basin aSouth AfricabInvestment and development opportunities in the lake Victoria Basinc2002 a12p